[Event "DEM U14w 2023"]
[Site "Willingen GER"]
[Date "2023.06.03"]
[Round "9"]
[White "Schwarzfischer, Julia"]
[Black "Moldovan, Tatiana"]
[Result "1-0"]
[Termination "normal"]
[Board "6"]
[WhiteElo "1364"]
[BlackElo "1405"]
[WhiteClock "00:29:13"]
[BlackClock "00:17:33"]
[PlyCount "211"]
[WhiteFideId "16268105"]
[BlackFideId "16287398"]
[EventCountry "GER"]
[EventRounds "9"]
[EventType "swiss"]
[EventDate "2023.05.27"]

1. e4 {[%clk 01:30:58]} {[%emt 00:00:01]} c5 {[%clk 01:30:54]} {[%emt
00:00:07]} 2. Be2 {[%clk 01:31:23]} {[%emt 00:00:06]} Nc6 {[%clk 01:31:03]}
{[%emt 00:00:21]} 3. d3 {[%clk 01:31:47]} {[%emt 00:00:04]} d6 {[%clk
01:31:16]} {[%emt 00:00:18]} 4. f4 {[%clk 01:32:11]} {[%emt 00:00:06]} g6
{[%clk 01:31:24]} {[%emt 00:00:22]} 5. Nf3 {[%clk 01:32:33]} {[%emt 00:00:07]}
Bg7 {[%clk 01:31:42]} {[%emt 00:00:12]} 6. c3 {[%clk 01:32:56]} {[%emt
00:00:08]} Nf6 {[%clk 01:31:25]} {[%emt 00:00:47]} 7. h3 {[%clk 01:33:12]}
{[%emt 00:00:14]} e6 {[%clk 01:30:51]} {[%emt 00:01:04]} 8. O-O {[%clk
01:33:31]} {[%emt 00:00:10]} O-O {[%clk 01:31:11]} {[%emt 00:00:10]} 9. Qe1
{[%clk 01:33:43]} {[%emt 00:00:18]} Ne8 {[%clk 01:31:20]} {[%emt 00:00:21]} 10.
Kh1 {[%emt 00:01:46]} f5 11. Be3 {[%clk 01:32:42]} {[%emt 00:00:39]} b6 {[%clk
01:31:12]} {[%emt 00:00:45]} 12. Nbd2 {[%clk 01:32:49]} {[%emt 00:00:22]} Rb8
{[%clk 01:31:06]} {[%emt 00:00:37]} 13. Rb1 {[%clk 01:32:49]} {[%emt 00:00:30]}
Qc7 {[%clk 01:30:47]} {[%emt 00:00:50]} 14. Rg1 {[%clk 01:30:16]} {[%emt
00:03:02]} Nf6 {[%clk 01:23:26]} {[%emt 00:07:50]} 15. Qh4 {[%clk 01:29:05]}
{[%emt 00:01:41]} Ba6 {[%clk 01:12:39]} {[%emt 00:11:18]} 16. Ng5 {[%clk
01:24:14]} {[%emt 00:05:19]} Qd7 {[%clk 01:05:10]} {[%emt 00:08:00]} 17. Rbe1
{[%emt 00:05:28]} Rfe8 {[%clk 01:01:55]} {[%emt 00:00:20]} 18. Qg3 {[%clk
01:09:40]} {[%emt 00:13:30]} Qc7 {[%clk 00:58:17]} {[%emt 00:04:09]} 19. Qh4
{[%clk 01:02:16]} {[%emt 00:07:53]} Qd7 {[%clk 00:57:35]} {[%emt 00:01:13]} 20.
Qg3 {[%clk 00:58:52]} {[%emt 00:03:54]} Qc7 {[%clk 00:57:58]} {[%emt 00:00:07]}
21. Rc1 {[%emt 00:04:02]} h6 {[%clk 00:52:49]} {[%emt 00:03:49]} 22. Ngf3
{[%clk 00:56:27]} {[%emt 00:01:13]} fxe4 {[%emt 00:00:27]} 23. Nh4 {[%clk
00:56:19]} {[%emt 00:00:16]} exd3 {[%clk 00:53:06]} {[%emt 00:00:37]} 24. Bf3
{[%clk 00:55:35]} {[%emt 00:01:14]} Ne7 {[%clk 00:53:13]} {[%emt 00:00:23]} 25.
Nxg6 {[%clk 00:55:31]} {[%emt 00:00:35]} Nxg6 {[%clk 00:52:35]} {[%emt
00:01:08]} 26. Qxg6 {[%clk 00:55:57]} {[%emt 00:00:04]} Qf7 {[%clk 00:52:41]}
{[%emt 00:00:24]} 27. Qg3 {[%clk 00:55:19]} {[%emt 00:01:07]} d5 {[%clk
00:52:49]} {[%emt 00:00:23]} 28. Rge1 {[%clk 00:50:47]} {[%emt 00:05:02]} Kf8
{[%clk 00:49:19]} {[%emt 00:04:00]} 29. Qh4 {[%clk 00:48:44]} {[%emt 00:02:32]}
Ke7 {[%clk 00:39:39]} {[%emt 00:10:10]} 30. f5 {[%clk 00:45:15]} {[%emt
00:04:00]} Kd7 {[%clk 00:38:13]} {[%emt 00:01:55]} 31. fxe6+ {[%clk 00:43:11]}
{[%emt 00:02:34]} Rxe6 {[%clk 00:38:26]} {[%emt 00:00:17]} 32. Qa4+ {[%clk
00:40:44]} {[%emt 00:02:57]} b5 {[%clk 00:38:47]} {[%emt 00:00:09]} 33. Qf4
{[%clk 00:39:54]} {[%emt 00:01:21]} Qe8 {[%clk 00:32:56]} {[%emt 00:06:20]} 34.
Nb3 {[%clk 00:36:26]} {[%emt 00:03:59]} Bf8 {[%clk 00:31:27]} {[%emt 00:01:59]}
35. Qf5 {[%clk 00:34:58]} {[%emt 00:01:57]} Kc6 {[%clk 00:30:48]} {[%emt
00:01:10]} 36. Qxd3 {[%clk 00:32:43]} {[%emt 00:02:46]} Rd8 {[%clk 00:30:18]}
{[%emt 00:00:59]} 37. Na5+ {[%clk 00:31:17]} {[%emt 00:01:55]} Kb6 {[%clk
00:29:56]} {[%emt 00:00:51]} 38. b4 {[%clk 00:30:36]} {[%emt 00:01:13]} Kc7
{[%clk 00:23:44]} {[%emt 00:06:42]} 39. Re2 {[%clk 00:26:18]} {[%emt 00:04:48]}
Ne4 {[%clk 00:22:50]} {[%emt 00:01:24]} 40. Bf4+ {[%clk 00:21:05]} {[%emt
00:05:44]} Bd6 {[%clk 00:21:02]} {[%emt 00:02:18]} 41. Bxd6+ {[%clk 00:19:40]}
{[%emt 00:01:55]} Rdxd6 {[%clk 00:21:12]} {[%emt 00:00:19]} 42. Bxe4 {[%clk
00:19:39]} {[%emt 00:00:31]} dxe4 {[%clk 00:18:36]} {[%emt 00:03:06]} 43. Qe3
{[%clk 00:19:29]} {[%emt 00:00:41]} Rd5 {[%clk 00:17:16]} {[%emt 00:01:50]} 44.
Nb3 {[%clk 00:17:45]} {[%emt 00:02:13]} cxb4 {[%clk 00:12:58]} {[%emt
00:04:48]} 45. Qxa7+ {[%clk 00:17:12]} {[%emt 00:01:02]} Bb7 {[%clk 00:12:32]}
{[%emt 00:00:56]} 46. cxb4+ {[%clk 00:16:48]} {[%emt 00:00:55]} Rc6 {[%clk
00:12:40]} {[%emt 00:00:23]} 47. Nc5 {[%clk 00:15:26]} {[%emt 00:01:52]} Rdxc5
{[%clk 00:07:36]} {[%emt 00:05:34]} 48. Rxc5 {[%clk 00:13:50]} {[%emt
00:02:06]} Rxc5 {[%clk 00:07:42]} {[%emt 00:00:24]} 49. Qxc5+ {[%clk 00:14:15]}
{[%emt 00:00:05]} Bc6 {[%clk 00:08:06]} {[%emt 00:00:06]} 50. Qa7+ {[%clk
00:14:25]} {[%emt 00:00:21]} Kd6 {[%clk 00:07:49]} {[%emt 00:00:47]} 51. Qd4+
{[%clk 00:14:14]} {[%emt 00:00:41]} Bd5 {[%clk 00:06:55]} {[%emt 00:01:24]} 52.
Qf6+ {[%clk 00:13:15]} {[%emt 00:01:28]} Qe6 {[%clk 00:07:23]} {[%emt
00:00:03]} 53. Qxe6+ {[%clk 00:13:28]} {[%emt 00:00:16]} Kxe6 {[%clk 00:07:50]}
{[%emt 00:00:04]} 54. Kh2 {[%clk 00:13:21]} {[%emt 00:00:37]} Ke5 {[%clk
00:08:04]} {[%emt 00:00:16]} 55. Kg3 {[%clk 00:12:58]} {[%emt 00:00:53]} Kf5
{[%clk 00:06:45]} {[%emt 00:01:43]} 56. Rf2+ {[%clk 00:13:03]} {[%emt
00:00:31]} Kg5 {[%clk 00:06:57]} {[%emt 00:00:18]} 57. h4+ {[%clk 00:13:28]}
{[%emt 00:00:05]} Kg6 {[%clk 00:06:50]} {[%emt 00:00:36]} 58. Kf4 {[%clk
00:13:38]} {[%emt 00:00:21]} Kh5 {[%clk 00:05:49]} {[%emt 00:01:30]} 59. g4+
{[%clk 00:13:34]} {[%emt 00:00:34]} Kg6 {[%clk 00:06:14]} {[%emt 00:00:06]} 60.
Ke5 {[%clk 00:13:43]} {[%emt 00:00:21]} Bc4 {[%clk 00:03:55]} {[%emt 00:02:48]}
61. Kxe4 {[%clk 00:13:25]} {[%emt 00:00:49]} Be6 {[%clk 00:03:25]} {[%emt
00:00:59]} 62. Rf4 {[%clk 00:13:23]} {[%emt 00:00:33]} Bxa2 {[%clk 00:03:30]}
{[%emt 00:00:25]} 63. Ke5 {[%clk 00:13:49]} {[%emt 00:00:03]} Bb3 {[%clk
00:03:34]} {[%emt 00:00:27]} 64. Rf6+ {[%clk 00:14:08]} {[%emt 00:00:11]} Kg7
{[%clk 00:04:00]} {[%emt 00:00:04]} 65. g5 {[%clk 00:14:30]} {[%emt 00:00:08]}
hxg5 {[%clk 00:04:18]} {[%emt 00:00:12]} 66. hxg5 {[%clk 00:14:57]} {[%emt
00:00:03]} Bc4 {[%clk 00:04:36]} {[%emt 00:00:11]} 67. Kd4 {[%clk 00:14:56]}
{[%emt 00:00:31]} Kh7 {[%clk 00:03:57]} {[%emt 00:01:07]} 68. Kc5 {[%clk
00:15:19]} {[%emt 00:00:08]} Kg7 {[%clk 00:04:14]} {[%emt 00:00:13]} 69. Rb6
{[%clk 00:15:45]} {[%emt 00:00:05]} Bd3 {[%clk 00:04:02]} {[%emt 00:00:41]} 70.
Rxb5 {[%clk 00:16:05]} {[%emt 00:00:11]} Kg6 {[%clk 00:04:14]} {[%emt
00:00:18]} 71. Rb6+ {[%clk 00:16:06]} {[%emt 00:00:29]} Kxg5 {[%clk 00:04:35]}
{[%emt 00:00:10]} 72. Rd6 {[%clk 00:16:27]} {[%emt 00:00:09]} Be2 {[%clk
00:04:46]} {[%emt 00:00:19]} 73. b5 {[%clk 00:16:53]} {[%emt 00:00:04]} Bxb5
{[%clk 00:04:57]} {[%emt 00:00:20]} 74. Kxb5 {[%clk 00:17:19]} {[%emt
00:00:04]} Kf5 {[%clk 00:05:21]} {[%emt 00:00:05]} 75. Kc5 {[%clk 00:17:43]}
{[%emt 00:00:06]} Ke5 {[%clk 00:05:46]} {[%emt 00:00:05]} 76. Rd1 {[%clk
00:17:35]} {[%emt 00:00:38]} Ke4 {[%clk 00:06:12]} {[%emt 00:00:05]} 77. Rd5
{[%clk 00:17:48]} {[%emt 00:00:18]} Ke3 {[%clk 00:06:27]} {[%emt 00:00:14]} 78.
Rd7 {[%clk 00:18:11]} {[%emt 00:00:07]} Ke4 {[%clk 00:06:49]} {[%emt 00:00:08]}
79. Rd8 {[%clk 00:18:36]} {[%emt 00:00:06]} Ke3 {[%clk 00:07:09]} {[%emt
00:00:10]} 80. Kc4 {[%clk 00:19:03]} {[%emt 00:00:03]} Ke2 {[%clk 00:07:34]}
{[%emt 00:00:05]} 81. Kc3 {[%clk 00:19:29]} {[%emt 00:00:03]} Ke1 {[%clk
00:08:01]} {[%emt 00:00:03]} 82. Kc2 {[%clk 00:19:56]} {[%emt 00:00:04]} Ke2
{[%clk 00:08:29]} {[%emt 00:00:02]} 83. Re8 {[%clk 00:20:20]} {[%emt 00:00:06]}
Kf3 {[%clk 00:08:57]} {[%emt 00:00:01]} 84. Kd3 {[%clk 00:20:42]} {[%emt
00:00:08]} Kf4 {[%clk 00:09:20]} {[%emt 00:00:07]} 85. Kd4 {[%clk 00:21:07]}
{[%emt 00:00:05]} Kf5 {[%clk 00:09:45]} {[%emt 00:00:06]} 86. Re1 {[%clk
00:21:22]} {[%emt 00:00:15]} Kf6 {[%clk 00:10:08]} {[%emt 00:00:06]} 87. Kd5
{[%clk 00:21:49]} {[%emt 00:00:03]} Kf7 {[%clk 00:10:35]} {[%emt 00:00:04]} 88.
Kd6 {[%clk 00:22:17]} {[%emt 00:00:03]} Kf8 {[%clk 00:10:48]} {[%emt 00:00:16]}
89. Kd7 {[%clk 00:22:43]} {[%emt 00:00:04]} Kg7 {[%clk 00:11:15]} {[%emt
00:00:03]} 90. Ke7 {[%clk 00:23:06]} {[%emt 00:00:08]} Kg6 {[%clk 00:11:35]}
{[%emt 00:00:10]} 91. Ke6 {[%clk 00:23:20]} {[%emt 00:00:17]} Kg5 {[%clk
00:12:01]} {[%emt 00:00:03]} 92. Ke5 {[%clk 00:23:46]} {[%emt 00:00:04]} Kg4
{[%clk 00:12:30]} 93. Ke4 {[%clk 00:24:07]} {[%emt 00:00:10]} Kg3 {[%clk
00:12:52]} {[%emt 00:00:07]} 94. Rf1 {[%clk 00:24:33]} {[%emt 00:00:04]} Kg2
{[%clk 00:13:19]} {[%emt 00:00:04]} 95. Rf8 {[%clk 00:24:59]} {[%emt 00:00:04]}
Kg3 {[%clk 00:13:38]} {[%emt 00:00:11]} 96. Rf7 {[%clk 00:25:20]} {[%emt
00:00:09]} Kg2 {[%clk 00:14:04]} {[%emt 00:00:04]} 97. Ke3 {[%clk 00:25:47]}
{[%emt 00:00:04]} Kg1 {[%clk 00:14:23]} {[%emt 00:00:11]} 98. Ke2 {[%clk
00:26:14]} {[%emt 00:00:03]} Kg2 {[%clk 00:14:49]} {[%emt 00:00:04]} 99. Rg7
{[%clk 00:26:41]} {[%emt 00:00:04]} Kh3 {[%clk 00:15:12]} {[%emt 00:00:06]}
100. Kf3 {[%clk 00:27:01]} {[%emt 00:00:10]} Kh4 {[%clk 00:15:33]} {[%emt
00:00:09]} 101. Rg1 {[%clk 00:27:18]} {[%emt 00:00:13]} Kh5 {[%clk 00:15:55]}
{[%emt 00:00:08]} 102. Kf4 {[%clk 00:27:45]} {[%emt 00:00:03]} Kh6 {[%clk
00:16:18]} {[%emt 00:00:08]} 103. Kf5 {[%clk 00:28:08]} {[%emt 00:00:06]} Kh7
{[%clk 00:16:45]} {[%emt 00:00:03]} 104. Kf6 {[%clk 00:28:31]} {[%emt
00:00:06]} Kh8 {[%clk 00:17:13]} {[%emt 00:00:03]} 105. Kf7 {[%clk 00:28:47]}
{[%emt 00:00:15]} Kh7 {[%clk 00:17:33]} {[%emt 00:00:09]} 106. Rh1 {[%clk
00:29:13]} {[%emt 00:00:03]} 1-0

[Event "DEM U14w 2023"]
[Site "Willingen GER"]
[Date "2023.06.03"]
[Round "9"]
[White "Müller, Cosima"]
[Black "Oellrich, Emma"]
[Result "1-0"]
[Termination "normal"]
[Board "7"]
[WhiteElo "1521"]
[BlackElo "1525"]
[WhiteClock "00:19:13"]
[BlackClock "00:47:26"]
[PlyCount "59"]
[WhiteFideId "34601490"]
[BlackFideId "16268806"]
[EventCountry "GER"]
[EventRounds "9"]
[EventType "swiss"]
[EventDate "2023.05.27"]

1. e4 {[%clk 01:30:58]} {[%emt 00:00:01]} e6 {[%clk 01:30:56]} {[%emt
00:00:05]} 2. d4 {[%clk 01:31:24]} {[%emt 00:00:03]} d5 {[%clk 01:31:22]}
{[%emt 00:00:07]} 3. Nc3 {[%clk 01:31:49]} {[%emt 00:00:03]} Nf6 {[%clk
01:31:42]} {[%emt 00:00:10]} 4. e5 {[%clk 01:32:11]} {[%emt 00:00:09]} Nfd7
{[%clk 01:32:04]} {[%emt 00:00:09]} 5. Nce2 {[%clk 01:32:25]} {[%emt 00:00:14]}
c5 {[%clk 01:32:27]} {[%emt 00:00:09]} 6. c3 {[%clk 01:32:51]} {[%emt
00:00:02]} Nc6 {[%clk 01:32:50]} {[%emt 00:00:08]} 7. f4 {[%clk 01:33:15]}
{[%emt 00:00:05]} Be7 {[%clk 01:33:14]} {[%emt 00:00:05]} 8. Nf3 {[%clk
01:33:12]} {[%emt 00:00:33]} O-O {[%clk 01:33:36]} {[%emt 00:00:08]} 9. a3
{[%clk 01:27:39]} {[%emt 00:06:04]} f6 {[%clk 01:33:53]} {[%emt 00:00:13]} 10.
Be3 {[%clk 01:17:09]} {[%emt 00:10:57]} Qb6 {[%clk 01:33:45]} {[%emt 00:00:40]}
11. Qc1 {[%clk 01:09:16]} {[%emt 00:08:21]} Na5 {[%clk 01:30:43]} {[%emt
00:03:35]} 12. Qc2 {[%clk 01:05:02]} {[%emt 00:04:44]} Nc4 {[%clk 01:22:26]}
{[%emt 00:08:47]} 13. Bc1 {[%clk 00:57:57]} {[%emt 00:07:33]} cxd4 {[%clk
01:19:36]} {[%emt 00:03:21]} 14. cxd4 {[%clk 00:57:27]} {[%emt 00:01:00]} fxe5
{[%clk 01:18:07]} {[%emt 00:02:00]} 15. fxe5 {[%clk 00:56:16]} {[%emt
00:01:40]} Nb8 {[%clk 01:08:17]} {[%emt 00:10:21]} 16. Ng3 {[%clk 00:38:04]}
{[%emt 00:18:41]} Na5 {[%clk 01:07:28]} {[%emt 00:01:19]} 17. b4 {[%clk
00:36:33]} {[%emt 00:01:59]} Nac6 {[%clk 01:07:13]} {[%emt 00:00:47]} 18. Bb2
{[%clk 00:36:10]} {[%emt 00:00:52]} Bd7 {[%clk 01:06:44]} {[%emt 00:01:00]} 19.
Bd3 {[%clk 00:36:24]} {[%emt 00:00:14]} h6 {[%clk 01:06:15]} {[%emt 00:01:02]}
20. Nh5 {[%clk 00:31:47]} {[%emt 00:05:06]} Be8 {[%clk 01:04:53]} {[%emt
00:01:53]} 21. Bh7+ {[%clk 00:29:44]} {[%emt 00:02:32]} Kh8 {[%clk 01:05:03]}
{[%emt 00:00:20]} 22. Bg6 {[%clk 00:29:26]} {[%emt 00:00:45]} Qd8 {[%clk
01:01:21]} {[%emt 00:04:15]} 23. O-O {[%clk 00:23:30]} {[%emt 00:06:26]} Rg8
{[%clk 00:58:07]} {[%emt 00:03:44]} 24. Nf4 {[%clk 00:23:01]} {[%emt 00:00:59]}
Qd7 {[%clk 00:53:10]} {[%emt 00:05:27]} 25. Bxe8 {[%clk 00:23:17]} {[%emt
00:00:14]} Rxe8 {[%clk 00:53:25]} {[%emt 00:00:16]} 26. Qg6 {[%clk 00:22:25]}
{[%emt 00:01:17]} Bf8 {[%clk 00:52:25]} {[%emt 00:01:34]} 27. Ng5 {[%clk
00:18:55]} {[%emt 00:04:00]} hxg5 {[%clk 00:49:06]} {[%emt 00:03:50]} 28. Qh5+
{[%clk 00:18:54]} {[%emt 00:00:29]} Kg8 {[%clk 00:49:04]} {[%emt 00:00:33]} 29.
Ng6 {[%clk 00:19:13]} {[%emt 00:00:11]} Nxd4 {[%clk 00:47:26]} {[%emt
00:02:08]} 30. Qh8# {[%emt 00:00:10]} 1-0

[Event "DEM U14w 2023"]
[Site "Willingen GER"]
[Date "2023.06.03"]
[Round "9"]
[White "Moldovan, Stela"]
[Black "Vogt, Luna"]
[Result "1-0"]
[Termination "normal"]
[Board "8"]
[WhiteElo "1335"]
[BlackElo "1345"]
[WhiteClock "00:14:05"]
[BlackClock "00:12:23"]
[PlyCount "51"]
[WhiteFideId "16287380"]
[BlackFideId "34607153"]
[EventCountry "GER"]
[EventRounds "9"]
[EventType "swiss"]
[EventDate "2023.05.27"]

1. d4 {[%clk 01:30:56]} {[%emt 00:00:04]} d5 {[%clk 01:30:51]} {[%emt
00:00:12]} 2. Nf3 {[%clk 01:31:08]} {[%emt 00:00:15]} c5 {[%clk 01:31:07]}
{[%emt 00:00:14]} 3. e3 {[%clk 01:31:16]} {[%emt 00:00:26]} cxd4 {[%clk
01:31:27]} {[%emt 00:00:10]} 4. exd4 {[%clk 01:30:29]} {[%emt 00:01:13]} Nc6
{[%clk 01:31:38]} {[%emt 00:00:20]} 5. h3 {[%clk 01:24:46]} {[%emt 00:06:11]}
Nf6 {[%clk 01:31:42]} {[%emt 00:00:27]} 6. Bd3 {[%clk 01:23:16]} {[%emt
00:02:00]} e6 {[%clk 01:31:43]} {[%emt 00:00:30]} 7. Nbd2 {[%clk 01:22:24]}
{[%emt 00:01:21]} Bd6 {[%clk 01:31:33]} {[%emt 00:00:41]} 8. a3 {[%clk
01:20:01]} {[%emt 00:02:53]} O-O {[%clk 01:31:36]} {[%emt 00:00:27]} 9. b3
{[%clk 01:20:16]} {[%emt 00:00:15]} Re8 {[%clk 01:31:27]} {[%emt 00:00:39]} 10.
O-O {[%clk 01:19:46]} {[%emt 00:01:00]} b6 {[%clk 01:28:40]} {[%emt 00:03:18]}
11. Bb2 {[%clk 01:20:04]} {[%emt 00:00:11]} Bb7 {[%clk 01:28:50]} {[%emt
00:00:20]} 12. Ne5 {[%clk 01:19:53]} {[%emt 00:00:40]} Nd7 {[%clk 01:27:43]}
{[%emt 00:01:38]} 13. Bxh7+ {[%clk 01:09:39]} {[%emt 00:10:44]} Kf8 {[%clk
01:08:40]} {[%emt 00:19:34]} 14. Nxc6 {[%clk 01:07:39]} {[%emt 00:02:30]} Bxc6
{[%clk 01:08:47]} {[%emt 00:00:23]} 15. Bd3 {[%clk 01:06:16]} {[%emt 00:01:52]}
Qf6 {[%clk 01:06:57]} {[%emt 00:02:19]} 16. a4 {[%clk 00:37:58]} {[%emt
00:28:48]} Ke7 {[%clk 01:00:03]} {[%emt 00:07:22]} 17. Qe2 {[%clk 00:34:59]}
{[%emt 00:03:27]} Rh8 {[%clk 00:56:33]} {[%emt 00:04:03]} 18. Nf3 {[%clk
00:30:46]} {[%emt 00:04:43]} Kf8 {[%clk 00:45:51]} {[%emt 00:11:13]} 19. a5
{[%clk 00:25:08]} {[%emt 00:06:08]} Bc7 {[%clk 00:40:17]} {[%emt 00:06:03]} 20.
Ne5 {[%clk 00:20:12]} {[%emt 00:05:27]} Nxe5 {[%clk 00:39:21]} {[%emt
00:01:25]} 21. dxe5 {[%clk 00:20:18]} {[%emt 00:00:26]} Qg5 {[%clk 00:37:55]}
{[%emt 00:01:54]} 22. f4 {[%clk 00:20:23]} {[%emt 00:00:26]} Qd8 {[%clk
00:36:32]} {[%emt 00:01:53]} 23. a6 {[%clk 00:19:51]} {[%emt 00:01:02]} Qd7
{[%clk 00:32:40]} {[%emt 00:04:21]} 24. Qg4 {[%clk 00:15:02]} {[%emt 00:05:12]}
Bd8 {[%clk 00:13:08]} {[%emt 00:20:09]} 25. f5 {[%clk 00:14:05]} {[%emt
00:01:27]} Rh4 {[%clk 00:12:23]} {[%emt 00:01:14]} 26. Qg3 {[%emt 00:07:19]}
1-0

[Event "DEM U14w 2023"]
[Site "Willingen GER"]
[Date "2023.06.03"]
[Round "9"]
[White "Kopylov, Diana"]
[Black "Chandrasekher, Ritu"]
[Result "0-1"]
[Termination "normal"]
[Board "9"]
[WhiteElo "1378"]
[BlackElo "1268"]
[WhiteClock "01:16:39"]
[BlackClock "01:02:26"]
[PlyCount "56"]
[WhiteFideId "16268865"]
[BlackFideId "34609024"]
[EventCountry "GER"]
[EventRounds "9"]
[EventType "swiss"]
[EventDate "2023.05.27"]

1. e4 {[%clk 01:30:58]} {[%emt 00:00:01]} c6 {[%clk 01:30:50]} {[%emt
00:00:12]} 2. d4 {[%clk 01:31:24]} {[%emt 00:00:02]} d5 {[%clk 01:31:09]}
{[%emt 00:00:11]} 3. exd5 {[%clk 01:31:48]} {[%emt 00:00:06]} cxd5 {[%clk
01:31:27]} {[%emt 00:00:12]} 4. Bd3 {[%clk 01:32:11]} {[%emt 00:00:06]} Nc6
{[%clk 01:31:29]} {[%emt 00:00:29]} 5. c3 {[%clk 01:32:35]} {[%emt 00:00:05]}
Nf6 {[%clk 01:31:40]} {[%emt 00:00:19]} 6. Bf4 {[%clk 01:31:59]} {[%emt
00:01:06]} Bg4 {[%clk 01:31:49]} {[%emt 00:00:21]} 7. Qb3 {[%clk 01:32:19]}
{[%emt 00:00:11]} Qd7 {[%clk 01:31:47]} {[%emt 00:00:31]} 8. Nd2 {[%clk
01:32:19]} {[%emt 00:00:31]} e6 {[%clk 01:31:23]} {[%emt 00:00:53]} 9. Ngf3
{[%clk 01:32:37]} {[%emt 00:00:12]} Be7 {[%clk 01:29:01]} {[%emt 00:02:51]} 10.
O-O {[%clk 01:32:56]} {[%emt 00:00:12]} O-O {[%clk 01:29:09]} {[%emt 00:00:23]}
11. Rfe1 {[%clk 01:33:01]} {[%emt 00:00:25]} a6 {[%clk 01:26:49]} {[%emt
00:02:50]} 12. a4 {[%clk 01:33:12]} {[%emt 00:00:18]} Bh5 {[%clk 01:25:03]}
{[%emt 00:02:15]} 13. Qc2 {[%clk 01:26:43]} {[%emt 00:06:59]} Bg6 {[%clk
01:22:56]} {[%emt 00:02:38]} 14. Bxg6 {[%clk 01:26:38]} {[%emt 00:00:34]} hxg6
{[%clk 01:23:16]} {[%emt 00:00:11]} 15. Qd3 {[%clk 01:26:57]} {[%emt 00:00:11]}
Rac8 {[%clk 01:19:53]} {[%emt 00:03:52]} 16. Ng5 {[%clk 01:26:10]} {[%emt
00:01:17]} Nh5 {[%clk 01:18:56]} {[%emt 00:01:27]} 17. Qh3 {[%clk 01:22:38]}
{[%emt 00:04:02]} Bxg5 {[%clk 01:08:30]} {[%emt 00:10:57]} 18. Bxg5 {[%clk
01:22:43]} {[%emt 00:00:25]} Nf6 {[%clk 01:07:32]} {[%emt 00:01:28]} 19. Nf3
{[%clk 01:21:03]} {[%emt 00:02:09]} Ne4 {[%clk 01:04:19]} {[%emt 00:03:45]} 20.
Re3 {[%clk 01:16:39]} {[%emt 00:04:52]} Ne7 {[%clk 01:02:26]} {[%emt 00:02:24]}
21. Bf4 Nf5 {[%clk 01:02:26]} 22. Re2 Rc4 {[%clk 01:02:26]} 23. Ne5 Rxa4 {[%clk
01:02:26]} 24. Rae1 Qb5 {[%clk 01:02:26]} 25. f3 Qxe2 {[%clk 01:02:26]} 26. Rf1
Ne3 {[%clk 01:02:26]} 27. Bxe3 Qxe3+ {[%clk 01:02:26]} 28. Kh1 Nf2+ {[%clk
01:02:26]} 0-1

[Event "DEM U14w 2023"]
[Site "Willingen GER"]
[Date "2023.06.03"]
[Round "9"]
[White "Abram, Kristina-Maria"]
[Black "Huber, Laura"]
[Result "1/2-1/2"]
[Termination "normal"]
[Board "10"]
[WhiteElo "1228"]
[BlackElo "1388"]
[WhiteClock "00:52:21"]
[BlackClock "00:16:20"]
[PlyCount "40"]
[WhiteFideId "16298349"]
[BlackFideId "16270940"]
[EventCountry "GER"]
[EventRounds "9"]
[EventType "swiss"]
[EventDate "2023.05.27"]

1. e4 {[%clk 01:30:57]} {[%emt 00:00:03]} e5 {[%clk 01:30:58]} {[%emt
00:00:05]} 2. Nf3 {[%clk 01:31:15]} {[%emt 00:00:11]} Nf6 {[%clk 01:31:02]}
{[%emt 00:00:26]} 3. Nc3 {[%clk 01:31:26]} {[%emt 00:00:19]} Nc6 {[%clk
01:28:46]} {[%emt 00:02:48]} 4. d4 {[%clk 01:31:29]} {[%emt 00:00:24]} exd4
{[%clk 01:23:30]} {[%emt 00:05:49]} 5. Nxd4 {[%clk 01:31:49]} {[%emt 00:00:07]}
Bc5 {[%clk 01:15:23]} {[%emt 00:08:37]} 6. Be3 {[%clk 01:32:03]} {[%emt
00:00:15]} Be7 {[%clk 01:08:54]} {[%emt 00:07:00]} 7. Bb5 {[%clk 01:32:06]}
{[%emt 00:00:27]} O-O {[%clk 01:06:20]} {[%emt 00:03:04]} 8. O-O {[%clk
01:32:21]} {[%emt 00:00:14]} a6 {[%clk 01:01:32]} {[%emt 00:05:19]} 9. Ba4
{[%clk 01:32:17]} {[%emt 00:00:33]} Ne5 {[%clk 00:58:34]} {[%emt 00:03:29]} 10.
Bf4 {[%clk 01:29:09]} {[%emt 00:03:37]} Ng6 {[%clk 00:51:30]} {[%emt 00:07:35]}
11. Qf3 {[%clk 01:27:29]} {[%emt 00:01:59]} Bc5 {[%clk 00:43:07]} {[%emt
00:09:04]} 12. Nf5 {[%clk 01:22:46]} {[%emt 00:05:12]} d6 {[%clk 00:41:58]}
{[%emt 00:01:40]} 13. g4 {[%clk 01:14:01]} {[%emt 00:09:14]} b5 {[%clk
00:37:13]} {[%emt 00:05:16]} 14. Bb3 {[%clk 01:13:51]} {[%emt 00:00:39]} Bb7
{[%clk 00:37:24]} {[%emt 00:00:20]} 15. g5 {[%clk 01:09:12]} {[%emt 00:05:08]}
Nd7 {[%clk 00:36:07]} {[%emt 00:01:48]} 16. h4 {[%clk 01:02:43]} {[%emt
00:06:57]} Nde5 {[%clk 00:35:24]} {[%emt 00:01:15]} 17. Bxe5 {[%clk 00:58:18]}
{[%emt 00:04:55]} Nxe5 {[%clk 00:35:39]} {[%emt 00:00:15]} 18. Qg3 {[%clk
00:56:59]} {[%emt 00:01:44]} Qd7 {[%clk 00:30:47]} {[%emt 00:05:27]} 19. Rad1
{[%clk 00:55:04]} {[%emt 00:02:24]} Rae8 {[%clk 00:24:11]} {[%emt 00:07:07]}
20. h5 {[%clk 00:52:21]} {[%emt 00:03:12]} Nc4 {[%clk 00:16:20]} {[%emt
00:08:21]} 1/2-1/2